000 00603nam a22001937i 4500
003 DO-SdBNP
005 20230414132244.0
007 ta
008 230414b1996 dr ac||| |||| 00| 0 spa d
040 _aDO-SdBNP
_bspa
_cBNPHU
082 4 _222
_axxx
_bD812n 1996
245 1 0 _aEl nuevo camino :
_bentre halcones, palomas y cuervos /
_cEmilio Duarte y Alejandro Martín
264 _aSanto Domingo :
_b[s. e.],
_c1996.
300 _a81 páginas :
_bilustraciones y retratos,
_c22 cm.
590 _aInventariado, 2023 /LP
700 1 _aMartín, Alejandro
_983260
910 _aLopérez
942 _2ddc
_cLBS1
999 _c53262
_d53262